书目信息 |
| 题名: |
第三届IFI国际室内设计大赛暨2007年中国室内设计大奖赛优秀作品集
|
|
| 作者: | ;中国建筑学会 , 中国建筑学会室内设计分会 编 | |
| 分册: | 住宅·别墅·公寓/方案篇 | |
| 出版信息: | 武汉 华中科技大学出版社 2007.11 |
|
| 页数: | 281页 | |
| 开本: | 31cm | |
| 丛书名: | ||
| 单 册: | ||
| 中图分类: | TU238 | |
| 科图分类: | ||
| 主题词: | 别墅--bie shu--室内设计--中国--现代--作品集 | |
| 电子资源: | ||
| ISBN: | 978-7-5609-4272-8 | |
| 000 | 01305nam0 2200253 450 | |
| 001 | 012008990812 | |
| 005 | 20180426162122.35 | |
| 010 | @a978-7-5609-4272-8@b精装@dCNY220.00 | |
| 100 | @a20080423d2007 em y0chiy0120 ea | |
| 101 | 0 | @achi |
| 102 | @aCN@b420000 | |
| 105 | @aa z 000yy | |
| 200 | 1 | @a第三届IFI国际室内设计大赛暨2007年中国室内设计大奖赛优秀作品集@Adi san jie IFI guo ji shi nei she ji da sai ji 2007 nian zhong guo shi nei she ji da jiang sai you xiu zuo pin ji@f中国建筑学会室内设计分会著@Fzhong guo jian zhu xue hui shi nei she ji fen hui zhu@i住宅·别墅·公寓/方案篇 |
| 210 | @a武汉@c华中科技大学出版社@d2007.11 | |
| 215 | @a281页@c图@d31cm | |
| 314 | @a责任者取自封面 | |
| 330 | @a本套书收集的是2007年国际室内设计大赛的参赛作品。特别值得一提的是,今年的参赛作品体现了多元化的设计理念,更加关注空间的丰富变化、色彩的运用创意、功能与艺术的巧妙结合以及节能和绿色设计等诸多方面的内容。 | |
| 517 | 1 | @a住宅·别墅·公寓/方案篇@Azhu zhai·bie shu·gong yu/fang an pian |
| 606 | 0 | @a别墅@Abie shu@x室内设计@y中国@z现代@j作品集 |
| 690 | @aTU238@v4 | |
| 711 | 02 | @a中国建筑学会@Azhong guo jian zhu xue hui@b室内设计分会@4编 |
| 711 | 02 | @a中国建筑学会室内设计分会@Azhong guo jian zhu xue hui shi nei she ji fen hui@4著 |
| 801 | 0 | @aCN@bQSSK@c20091125 |
| 905 | @b297264@dTU238@eZ5606@f1 | |
| 第三届IFI国际室内设计大赛暨2007年中国室内设计大奖赛优秀作品集/中国建筑学会室内设计分会著.住宅·别墅·公寓/方案篇.-武汉:华中科技大学出版社,2007.11 |
| 281页:图;31cm |
| ISBN 978-7-5609-4272-8(精装):CNY220.00 |
| 本套书收集的是2007年国际室内设计大赛的参赛作品。特别值得一提的是,今年的参赛作品体现了多元化的设计理念,更加关注空间的丰富变化、色彩的运用创意、功能与艺术的巧妙结合以及节能和绿色设计等诸多方面的内容。 |
| ● |
| 相关链接 |
|
|
|
正题名:第三届IFI国际室内设计大赛暨2007年中国室
索取号:TU238/Z5606
 
预约/预借
| 序号 | 登录号 | 条形码 | 馆藏地/架位号 | 状态 | 备注 |
| 1 | 1299055 | 212990557 | 建筑与城市规划学院资料室/ [索取号:TU238/Z5606] | 在馆 | |
| 2 | 297264 | 202972649 | 建筑与城市规划学院资料室/101建筑库 24排3列1层/ [索取号:TU238/Z5606] | 在馆 |